LEADER 02241nam 2200565 a 450 001 9910455906803321 005 20200520144314.0 010 $a1-282-08375-9 010 $a9786612083754 010 $a0-309-51901-2 010 $a0-585-06740-6 035 $a(CKB)110986584752668 035 $a(EBL)3375653 035 $a(SSID)ssj0000243152 035 $a(PQKBManifestationID)11193914 035 $a(PQKBTitleCode)TC0000243152 035 $a(PQKBWorkID)10322375 035 $a(PQKB)10124420 035 $a(MiAaPQ)EBC3375653 035 $a(Au-PeEL)EBL3375653 035 $a(CaPaEBR)ebr10041073 035 $a(CaONFJC)MIL208375 035 $a(OCoLC)923257791 035 $a(EXLCZ)99110986584752668 100 $a20000201d1999 uy 0 101 0 $aeng 135 $aurcn||||||||| 181 $ctxt 182 $cc 183 $acr 200 00$aSecuring America's industrial strength$b[electronic resource] /$fBoard on Science, Technology, and Economic Policy, National Research Council 210 $aWashington, D.C. $cNational Academy Press$d1999 215 $a1 online resource (126 p.) 225 1 $aCompass series 300 $a"U.S. industry: restructuring and renewal"--Cover. 311 $a0-309-06448-1 320 $aIncludes bibliographical references. 327 $a""Front Matter""; ""Preface""; ""Contents""; ""EXECUTIVE SUMMARY""; ""FROM "PERVASIVE DECLINE" IN THE 1980's TO "RESURGENCE" IN THE 1990's""; ""THE STEP BOARD'S ANALYSIS""; ""SUMMARY FINDINGS""; ""SOURCES OF STRONGER PERFORMANCE""; ""CONCERNS FOR THE FUTURE""; ""CONCLUSION""; ""REFERENCES""; ""APPENDIX A Recent Trends in Federal Spending on Scientific and Engineering Research: Impacts on Research Fields and Graduate Training""; ""APPENDIX B Trends in Industrial Research and Development: Evidence from National Data Sources"" 410 0$aCompass series (Washington, D.C.) 606 $aResearch, Industrial$zUnited States 608 $aElectronic books. 615 0$aResearch, Industrial 676 $a338.97307 801 0$bMiAaPQ 801 1$bMiAaPQ 801 2$bMiAaPQ 906 $aBOOK 912 $a9910455906803321 996 $aSecuring America's industrial strength$91996053 997 $aUNINA LEADER 01291nam 2200421 450 001 9910743353403321 005 20221006160950.0 010 $a981-16-9460-5 010 $a981-16-9459-1 010 $a981-16-9460-5 035 $a(MiAaPQ)EBC6897084 035 $a(Au-PeEL)EBL6897084 035 $a(CKB)21325637400041 035 $a(EXLCZ)9921325637400041 100 $a20221006d2022 uy 0 101 0 $aeng 135 $aurcnu|||||||| 181 $ctxt$2rdacontent 182 $cc$2rdamedia 183 $acr$2rdacarrier 200 12$aA history of Mongolian Shamanism /$fDalai Chuluunii and Erdene-Otgon Dalai 210 1$aSingapore :$cSpringer,$d[2022] 210 4$dİ2022 215 $a1 online resource (77 pages) 311 08$aPrint version: Chuluunii, Dalai A History of Mongolian Shamanism Singapore : Springer Singapore Pte. Limited,c2022 9789811694592 320 $aIncludes bibliographical references. 606 $aShamanism 615 0$aShamanism. 676 $a291.62 700 $aDalai?$b Chuluuny$f1930-2009,$01426884 702 $aDalai$b Erdene-Otgon 801 0$bMiAaPQ 801 1$bMiAaPQ 801 2$bMiAaPQ 906 $aBOOK 912 $a9910743353403321 996 $aA history of Mongolian Shamanism$93559289 997 $aUNINA